|
|
|
|
| LEADER |
01750cas a2200241 a 4500 |
| 001 |
AALejournalIMF009173 |
| 008 |
230101c9999 xx r poo 0 0eng d |
| 020 |
|
|
|c 5.00 USD
|
| 020 |
|
|
|z 9781451865776
|
| 022 |
|
|
|a 1018-5941
|
| 040 |
|
|
|a BD-DhAAL
|c BD-DhAAL
|
| 100 |
1 |
|
|a Heller, Peter.
|
| 245 |
1 |
0 |
|a What Should Macroeconomists Know about Health Care Policy? /
|c Peter Heller.
|
| 264 |
|
1 |
|a Washington, D.C. :
|b International Monetary Fund,
|c 2007.
|
| 300 |
|
|
|a 1 online resource (101 pages)
|
| 490 |
1 |
|
|a IMF Working Papers
|
| 500 |
|
|
|a <strong>Off-Campus Access:</strong> No User ID or Password Required
|
| 500 |
|
|
|a <strong>On-Campus Access:</strong> No User ID or Password Required
|
| 506 |
|
|
|a Electronic access restricted to authorized BRAC University faculty, staff and students
|
| 520 |
3 |
|
|a This primer aims to provide IMF macroeconomists with the essential information they need to address issues concerning health sector policy, particularly when they have significant macroeconomic implications. Such issues can also affect equity and growth and are fundamental to any strategy of poverty reduction. The primer highlights the appropriate roles for the state and market in health care financing and provision. It also suggests situations in which macroeconomists should engage health sector specialists in policy formulation exercises. Finally, it reviews the different health policy issues that confront countries at alternative stages of economic development and the range of appropriate policy options.
|
| 538 |
|
|
|a Mode of access: Internet
|
| 830 |
|
0 |
|a IMF Working Papers; Working Paper ;
|v No. 2007/013
|
| 856 |
4 |
0 |
|z Full text available on IMF
|u http://elibrary.imf.org/view/journals/001/2007/013/001.2007.issue-013-en.xml
|z IMF e-Library
|